000 01724nam1a22002651 4500
001 rc\4730009
005 20260515141829.0
035 _a(NLR Aleph) 008732557
090 _a9485084
_c9485084
100 _a20130416d1962 u y0rusy50 ca
101 0 _arus
102 _aRU
105 _ay z |||||
200 1 _aТезисы докладов и сообщений на всесоюзной научно-технической конференции "Повышение надежности и долговечности металлорежущих станков и автоматических линий". Москва, 19-21 июля 1962 г.
_e[В 2 сб.]
_eСб. 1-
_fЦентр. правл. Науч.-техн. о-ва машиностроит. пром-сти. Секция ремонта и модернизации оборудования. Выставка достижений нар. хозяйства СССР. Упр. по разделу пром-сти и транспорта
210 _aМосква
_cБ. и.
_d1962
215 _d22
606 _aСтаночные линии, автоматические
_xНадежность
_jСборники
_2psbo
606 _aМеталлорежущие станки
_xНадежность
_jСборники
_2psbo
710 1 2 _a"Повышение надежности и долговечности металлорежущих станков и автоматических линий", всесоюзная научно-техническая конференция
_eМосква
_f1962
_9485679
_3RU\NLR\AUTH\880409935
801 0 _aRU
_bNLR
_gpsbo
801 1 _aRU
_bELAR
_2rusmarc
852 _aNLR
_j62-5/3841
942 _cBOOK
980 _aNB